000
00435nam a2200145Ia 4500
008
090122s9999 xx 000 0 und d
082
_b
6613
_a
920.71
100
_a
सोनार
_b
वा
_c
रा
245
_a
भेटी लागी दरवळ
600
_a
सोनार
630
_a
भेटी लागी दरवळ
700
_a
सोनार
730
_a
भेटी लागी दरवळ
942
_c
BOOK
999
_c
30690
_d
30690